• 首页
  • 本馆介绍
  • 公告通知
  • 最新文献
  • 馆藏检索
  • 电子资源
  • 读者导购
  • 参考咨询
  • 我的图书馆
  • 登录
  • 详细信息显示
  • 放入我的书架
  • 预约/预借图书
  • 作者相关作品
  • 分类相关作品
  • 丛书相关作品
  • 出版社相关作品

书目信息

  • 表格格式
  • 工作单格式
  • 卡片格式
题名:
经济法参考资料
    
 
作者: ;上海市哲学社会科学学会联合会 编
分册:  
出版信息: 北京   知识出版社  1980.12
页数: 279页
开本: 19cm
丛书名:
单 册:
中图分类: F425
科图分类: 1
主题词: 工业经济--中国
电子资源:
ISBN:
000 00735nam0 2200217 45
001 0404291694
005 20060802110431.43
010    @dCNY0.85
091    @a6214.3
100    @a20040429d1980 km y0chiy0120 ea
101 0  @achi
200 1  @a经济法参考资料@AJing Ji Fa Can Kao Zi Liao@e工业企业管理部分@EGong Ye Qi Ye Bu Fen@f上海市哲学社会科学学会联合会编@FShang Hai Shi Zhe Xue She Hui Ke Xue Xue Hui Lian He Hui Bian
210    @a北京@c知识出版社@d1980.12
215    @a279页@d19cm
517    @a工业企业管理部分@Agong ye qi ye guan li bu fen
606 0  @a工业经济@x中国
690    @aF425@v3
692    @a1
711 02 @a上海市哲学社会科学学会联合会@4编
801    @aCN@bPftUser@c20060802
905    @f1@b68867@dF425@e17@b68869-870@f2
    
    经济法参考资料:工业企业管理部分/上海市哲学社会科学学会联合会编.-北京:知识出版社,1980.12
    279页;19cm
    
    
    ISBN :CNY0.85
    
●
相关链接 在E读中查询图书 在五车中查询图书 在当当中查询图书 在豆瓣中查询图书


正题名:经济法参考资料     索取号:F425/17         预约/预借

序号 登录号 条形码 馆藏地/架位号 状态 备注
1 0068867   000208974   第一样本阅览室/ [索取号:F425/17] 在馆    
2 0068869   000208894   第一借阅区/ [索取号:F425/17] 在馆    
3 0068870   000208938   密集书库/ [索取号:F425/17] 在馆    
4 0424404   204244040   密集书库/ [索取号:F425/17] 在馆    
5 0441176   204411760   密集书库/ [索取号:F425/17] 在馆    
6 0441797   204417979   密集书库/ [索取号:F425/17] 在馆    
唐山师范学院图书馆 欢迎您!
大连网信软件有限公司© 版权所有